| 000 | 00579nam a2200205 a 4500 | ||
|---|---|---|---|
| 001 | BRCA_6957 | ||
| 005 | 20190320205646.0 | ||
| 008 | 181111s1954----enke######---#000-0#eng-# | ||
| 041 | _aeng | ||
| 044 | _aenk | ||
| 050 | 4 |
_aN1070 _b.N37 1954 |
|
| 245 | 1 | 0 | _aThe National Gallery Plan of the Gallery and guide catalogue of the exhibited pictures. |
| 260 |
_aLondres _bTrustees _c1954 |
||
| 300 |
_a66 p. _bil. 1 plano _c18 cm. _v6 |
||
| 500 | _aO194 | ||
| 650 | 1 | 4 |
_aPinturas _zLondres _917341 |
| 650 | 1 | 4 |
_aGalerĂas y museos _zInglaterra _917342 |
| 902 | _aGFM | ||
| 942 |
_2lcc _cB |
||
| 999 |
_c6639 _d6639 |
||